| 000 | 00815nam a2200241Ia 4500 | ||
|---|---|---|---|
| 003 | OSt | ||
| 005 | 20221005112439.0 | ||
| 006 | a|||||r|||| 00| 0 | ||
| 007 | ta | ||
| 008 | 221004b |||||||| |||| 00| 0 pan d | ||
| 020 |
_a9789351133544 (hbk) _c400 |
||
| 024 | _a14070 | ||
| 037 |
_b894, 08/09/2014, H.K. Prakashan _cTextual |
||
| 040 |
_aCRL _cCRL _bpan |
||
| 041 |
_2pan _apan |
||
| 082 | _aU8.2, 153Q4 | ||
| 100 | _aਬਰਾੜ, ਆਤਮਾ ਸਿੰਘ | ||
| 245 | 0 | _aਅੱਖੀ੍ਵ ਡਿੱਠਾ ਭਾਰਤ | |
| 260 |
_aਚੰਡੀਗੜ _bਲੋਕਗੀਤ ਪ੍ਰਕਾFਨ ਭਾਰਤ _c2014 |
||
| 300 |
_a318ਪੰ _ccm. |
||
| 942 |
_hU8.2, 153Q4 _cTEXL _2cc |
||
| 999 |
_c1024927 _d1024927 |
||